| 000 | 00445 a2200133 4500 | ||
|---|---|---|---|
| 003 | OSt | ||
| 005 | 20260206142403.0 | ||
| 008 | 260206b |||||||| |||| 00| 0 eng d | ||
| 100 |
_a गोळे र. _9216659 |
||
| 245 | _a महर्षी विठ्ठल रामजी शिंदे | ||
| 260 |
_bभारतीय विचार साधना प्रकाशन _c2015 _aपुणे |
||
| 300 | _a24pp. | ||
| 942 |
_cBK _2ddc |
||
| 999 |
_c370161 _d370161 |
||